000 00580nam a2200229Ia 4500
003 OSt
005 20221005121406.0
006 a|||||r|||| 00| 0
007 ta
008 221004b |||||||| |||| 00| 0 eng d
024 _a76887
037 _cTextual
040 _aCRL
_cCRL
_beng
041 _2eng
_aeng
082 _aO111,3 N14,HA, N
100 _aSchulberg Budd
_9616724
245 0 _aHarder they fall
300 _a317p.
_ccm.
650 _aENGLISH LITERATURE
942 _hO111,3 N14,HA, N
_cTEXL
_2cc
999 _c1041024
_d1041024